| 000 | 01092pam a2200289 a 4500 | ||
|---|---|---|---|
| 001 | 3906981 | ||
| 003 | OSt | ||
| 005 | 20231205155021.0 | ||
| 008 | 910906s1992 nyu 001 0 eng | ||
| 010 | _a 91035200 | ||
| 020 |
_a0812047370 : _c$5.95 ($7.95 Can.) |
||
| 040 |
_aDLC _cDLC _dDLC |
||
| 043 | _an-us--- | ||
| 050 | 0 | 0 |
_aE175.8 _b.G45 1992 |
| 082 | 0 | 0 |
_a973.0711 _bGEI/A |
| 100 | 1 |
_aGeise, Robert _910051 |
|
| 245 | 1 | 0 |
_aAmerican history to 1877 : outline notes / _cRobert D. Geise. |
| 260 |
_aHauppauge, N.Y. : _bBarron's Educational Series, _cc1992. |
||
| 300 |
_avi, 153 p. ; _c21 cm. |
||
| 440 | 0 | _aBarron's EZ 101 study keys | |
| 500 | _aIncludes index. | ||
| 651 | 0 |
_aUnited States _xHistory _xStudy and teaching. |
|
| 856 | 4 | 2 |
_3Publisher description _uhttp://www.loc.gov/catdir/enhancements/fy0630/91035200-d.html |
| 906 |
_a7 _bcbc _corignew _d1 _eocip _f19 _gy-gencatlg |
||
| 942 |
_2ddc _cBK _h973.0711 _iGEI/A _k973.0711 _mGEI/A |
||
| 999 |
_c43790 _d43790 |
||